PRABHUPADA, HE BUILT A HOUSE IN WHICH (Record no. 28171)
[ view plain ]
| 000 -LEADER | |
|---|---|
| fixed length control field | 00340nam a22001457a 4500 |
| 003 - CONTROL NUMBER IDENTIFIER | |
| control field | SGT |
| 020 ## - INTERNATIONAL STANDARD BOOK NUMBER | |
| International Standard Book Number | 0892131276 |
| 082 ## - DEWEY DECIMAL CLASSIFICATION NUMBER | |
| Classification number | 920 |
| Item number | P83G |
| 100 ## - MAIN ENTRY--PERSONAL NAME | |
| Personal name | GOSWAMI, SATSVARUPA DASA |
| 245 ## - TITLE STATEMENT | |
| Title | PRABHUPADA, HE BUILT A HOUSE IN WHICH |
| 260 ## - PUBLICATION, DISTRIBUTION, ETC. (IMPRINT) | |
| Name of publisher, distributor, etc | THE BHAKTIVEDANTA BOOK TRUST |
| Year of Publication | 1983 |
| 300 ## - PAGE DESCRIPTION | |
| No. of Pages | 405 |
| 650 ## - SUBJECT ADDED ENTRY--TOPICAL TERM | |
| Topical term or geographic name as entry element | BIOGRAPHY |
| 942 ## - ADDED ENTRY ELEMENTS (KOHA) | |
| Source of classification or shelving scheme | Dewey Decimal Classification |
| Koha item type | Books |
No items available.